|
|
|
|
| LEADER |
03056nam a22005055i 4500 |
| 001 |
978-3-642-29381-8 |
| 003 |
DE-He213 |
| 005 |
20151204171547.0 |
| 007 |
cr nn 008mamaa |
| 008 |
120516s2012 gw | s |||| 0|eng d |
| 020 |
|
|
|a 9783642293818
|9 978-3-642-29381-8
|
| 024 |
7 |
|
|a 10.1007/978-3-642-29381-8
|2 doi
|
| 040 |
|
|
|d GrThAP
|
| 050 |
|
4 |
|a QD95-96
|
| 072 |
|
7 |
|a PNFS
|2 bicssc
|
| 072 |
|
7 |
|a SCI078000
|2 bisacsh
|
| 082 |
0 |
4 |
|a 543.2-543.8
|2 23
|
| 100 |
1 |
|
|a Brogaard, Rasmus Y.
|e author.
|
| 245 |
1 |
0 |
|a Molecular Conformation and Organic Photochemistry
|h [electronic resource] :
|b Time-resolved Photoionization Studies /
|c by Rasmus Y. Brogaard.
|
| 264 |
|
1 |
|a Berlin, Heidelberg :
|b Springer Berlin Heidelberg :
|b Imprint: Springer,
|c 2012.
|
| 300 |
|
|
|a XVI, 124 p.
|b online resource.
|
| 336 |
|
|
|a text
|b txt
|2 rdacontent
|
| 337 |
|
|
|a computer
|b c
|2 rdamedia
|
| 338 |
|
|
|a online resource
|b cr
|2 rdacarrier
|
| 347 |
|
|
|a text file
|b PDF
|2 rda
|
| 490 |
1 |
|
|a Springer Theses, Recognizing Outstanding Ph.D. Research,
|x 2190-5053
|
| 505 |
0 |
|
|a Aspects and investigation of photochemical dynamics -- A time-resolved probing method: photoionization -- Simulation of time-resolved photoionization signals -- Simulation: the Norrish type-I reaction in acetone -- Experimental setups -- Paracyclophanes I: [2+2]cycloaddition of ethylenes -- Paracyclophanes II: The Paternò-Büchi reaction -- Probing structural dynamics by interaction between chromophores.
|
| 520 |
|
|
|a Rasmus Brogaard's thesis digs into the fundamental issue of how the shape of a molecules relates to its photochemical reactivity. This relation is drastically different from that of ground-state chemistry, since lifetimes of excited states are often comparable to or even shorter than the time scales of conformational changes. Combining theoretical and experimental efforts in femto-second time-resolved photoionization Rasmus Brogaard finds that a requirement for an efficient photochemical reaction is the prearrangement of the constituents in a reactive conformation. Furthermore, he is able to show that by exploiting a strong ionic interaction between two chromophores, a coherent molecular motion can be induced and probed in real-time. This way of using bichromophoric interactions provides a promising strategy for future research on conformational dynamics.
|
| 650 |
|
0 |
|a Chemistry.
|
| 650 |
|
0 |
|a Spectroscopy.
|
| 650 |
|
0 |
|a Physical chemistry.
|
| 650 |
|
0 |
|a Atomic structure.
|
| 650 |
|
0 |
|a Molecular structure.
|
| 650 |
|
0 |
|a Spectra.
|
| 650 |
1 |
4 |
|a Chemistry.
|
| 650 |
2 |
4 |
|a Spectroscopy/Spectrometry.
|
| 650 |
2 |
4 |
|a Atomic/Molecular Structure and Spectra.
|
| 650 |
2 |
4 |
|a Physical Chemistry.
|
| 710 |
2 |
|
|a SpringerLink (Online service)
|
| 773 |
0 |
|
|t Springer eBooks
|
| 776 |
0 |
8 |
|i Printed edition:
|z 9783642293801
|
| 830 |
|
0 |
|a Springer Theses, Recognizing Outstanding Ph.D. Research,
|x 2190-5053
|
| 856 |
4 |
0 |
|u http://dx.doi.org/10.1007/978-3-642-29381-8
|z Full Text via HEAL-Link
|
| 912 |
|
|
|a ZDB-2-CMS
|
| 950 |
|
|
|a Chemistry and Materials Science (Springer-11644)
|